Normal view MARC view

Entry Personal Name

Number of records used in: 1

001 - CONTROL NUMBER

  • control field: 86224

003 - CONTROL NUMBER IDENTIFIER

  • control field: dpl

005 - DATE AND TIME OF LATEST TRANSACTION

  • control field: 20260107165850.0

008 - FIXED-LENGTH DATA ELEMENTS

  • fixed length control field: 260107|| aca||aabn | a|a d

040 ## - CATALOGING SOURCE

  • Original cataloging agency: dpl
  • Transcribing agency: dpl

100 ## - HEADING--PERSONAL NAME

  • Personal name: अग्रवाल, प्रमोद कुमार

670 ## - SOURCE DATA FOUND

  • Source citation: Work cat.: (dpl)214023: अग्रवाल, प्रमोद कुमार, सनातन धर्म और इसी धर्म/, 2024

© Delhi Public Library
Hit Counter
free hit counter